LEADER 01298aam 2200373I 450 001 9910709553703321 005 20151026040614.0 024 8 $aGOVPUB-C13-3f312777c057b240bc0b75d3a5cef691 035 $a(CKB)5470000002479464 035 $a(OCoLC)926749382 035 $a(EXLCZ)995470000002479464 100 $a20151026d2002 ua 0 101 0 $aeng 181 $2rdacontent 182 $2rdamedia 183 $2rdacarrier 200 10$aNational Voluntary Laboratory Accreditation Program 2002 /$fVanda R. White 210 1$aGaithersburg, MD :$cU.S. Dept. of Commerce, National Institute of Standards and Technology,$d2002. 215 $a1 online resource 225 1 $aNIST special publication ;$v810-2002 300 $a2002. 300 $aContributed record: Metadata reviewed, not verified. Some fields updated by batch processes. 300 $aTitle from PDF title page. 320 $aIncludes bibliographical references. 700 $aWhite$b Vanda R$01383697 701 $aWhite$b Vanda R$01383697 712 02$aNational Institute of Standards and Technology (U.S.) 801 0$bNBS 801 1$bNBS 801 2$bGPO 906 $aBOOK 912 $a9910709553703321 996 $aNational Voluntary Laboratory Accreditation Program 2002$93454442 997 $aUNINA